Catálogo
 En Linea

Obras completas / (Registro nro. 36184)

Detalles MARC
000 -CABECERA
campo de control de longitud fija 00897nam a2200205 a 4500
001 - NÚMERO DE CONTROL
campo de control 000036693
005 - FECHA Y HORA DE LA ÚLTIMA TRANSACCIÓN
campo de control 20200930075858.0
008 - DATOS DE LONGITUD FIJA--INFORMACIÓN GENERAL
campo de control de longitud fija 120125s1962 sp 000 f spa d
040 ## - FUENTE DE LA CATALOGACIÓN
Centro catalogador/agencia de origen DO-SdBNP
Lengua de catalogación spa
Centro/agencia transcriptor BNPHU
041 17 - CÓDIGO DE LENGUA
Código de lengua del texto/banda sonora o título independiente spa
Código de lengua original eng
100 1# - ENTRADA PRINCIPAL--NOMBRE DE PERSONA
Nombre de persona Wells, H. G.
Fechas asociadas al nombre 1866-1946
9 (RLIN) 62983
245 10 - MENCIÓN DE TÍTULO
Título Obras completas /
Mención de responsabilidad, etc. H. G. Wells ; traducción del inglés por Nellie Manso de Zúñiga ... [et al.].
250 ## - MENCIÓN DE EDICIÓN
Mención de edición 2a. ed.
260 ## - PUBLICACIÓN, DISTRIBUCIÓN, ETC.
Lugar de publicación, distribución, etc. Barcelona :
Nombre del editor, distribuidor, etc. Plaza & Janés,
Fecha de publicación, distribución, etc. 1962.
300 ## - DESCRIPCIÓN FÍSICA
Extensión xxv, 1564 p. ;
Dimensiones 18 cm.
505 0# - NOTA DE CONTENIDO CON FORMATO
Título La máquina del tiempo. --
-- La isla del doctor Moreau. --
-- El hombre invisible. --
-- La guerra de los mundos. --
-- Cuando el durmiente despierta. --
-- Los primeros hombres en la luna. --
-- El alimento de los dioses. --
-- La visita maravillosa.
650 24 - PUNTO DE ACCESO ADICIONAL DE MATERIA--TÉRMINO DE MATERIA
Término de materia o nombre geográfico como elemento de entrada Novela británica
9 (RLIN) 10654
650 24 - PUNTO DE ACCESO ADICIONAL DE MATERIA--TÉRMINO DE MATERIA
Término de materia o nombre geográfico como elemento de entrada Literatura británica
9 (RLIN) 10656
700 1# - PUNTO DE ACCESO ADICIONAL--NOMBRE DE PERSONA
Nombre de persona Manso de Zúñiga, Nellie,
Término indicativo de función/relación trad.
9 (RLIN) 62984
Existencias
Estado de retiro Estado de pérdida Restricciones de uso No para préstamo Código de colección Localización permanente Ubicación/localización actual Ubicación en estantería Fecha de adquisición Número de inventario Total de préstamos Signatura topográfica completa Código de barras Fecha visto por última vez Precio válido a partir de Tipo de ítem Koha
      Excluido de préstamo Monografías: Libros y Folletos General General En catalogación 25.01.2012 LF1   36693-10 25.06.2020 25.06.2020 No se presta

Con tecnología Koha